| 000 | 00505nam a22001697a 4500 | ||
|---|---|---|---|
| 005 | 20240806095452.0 | ||
| 008 | 240806b |||||||| |||| 00| 0 eng d | ||
| 020 | _a9781118798904 | ||
| 082 |
_a620.004 _bAMB-A |
||
| 100 | _aAmbrosuis, Lee | ||
| 245 |
_aAutoCAD Platform Customization : _bUser Interface, AutoLISP, VBA, and Beyond / _cLee Ambrosuis |
||
| 260 |
_ausa: _bSybex; _c2015. |
||
| 300 |
_axiv, 1108 p. : _bill; _c24 cm. |
||
| 500 | _ainclude index. | ||
| 650 | _aGraphics Design | ||
| 999 |
_c36295 _d36295 |
||